RMP - World Mythology | 0 | 3 | 0 | 0 | 30 | 115 | 125.33 | 0 | 0 |
Other - Other Academic and General Knowledge | 0 | 3 | 0 | 0 | 30 | 88 | 101.67 | 0 | 0 |
Geography - World | 0 | 2 | 0 | 0 | 20 | 95 | 96.00 | 0 | 0 |
Fine Arts - Photography | 0 | 2 | 0 | 0 | 20 | 106 | 118.50 | 0 | 0 |
Science - Math | 0 | 2 | 0 | 0 | 20 | 99 | 111.50 | 0 | 0 |
Science - Biology | 0 | 2 | 0 | 0 | 20 | 90 | 98.00 | 0 | 0 |
Geography - Europe | 0 | 2 | 0 | 0 | 20 | 59 | 83.00 | 0 | 1 |
Fine Arts - Painting | 0 | 2 | 0 | 0 | 20 | 113 | 122.00 | 0 | 0 |
History - Cross, Historiography, and Miscellaneous | 0 | 2 | 0 | 0 | 20 | 120 | 121.50 | 0 | 0 |
Current Events - World | 1 | 0 | 0 | 0 | 15 | 79 | 79.00 | 0 | 0 |
RMP - Greco-Roman Mythology | 0 | 1 | 0 | 0 | 10 | 142 | 142.00 | 0 | 0 |
Science - Astronomy | 0 | 1 | 0 | 0 | 10 | 108 | 108.00 | 0 | 0 |
History - World | 0 | 1 | 0 | 0 | 10 | 120 | 120.00 | 0 | 0 |
Fine Arts - Architecture | 0 | 1 | 0 | 0 | 10 | 125 | 125.00 | 0 | 0 |
Fine Arts - Film | 0 | 1 | 0 | 0 | 10 | 141 | 141.00 | 0 | 0 |
Fine Arts - Jazz | 0 | 1 | 0 | 0 | 10 | 131 | 131.00 | 0 | 0 |
Fine Arts - Music | 0 | 1 | 0 | 0 | 10 | 116 | 116.00 | 0 | 0 |
Fine Arts - Sculpture | 0 | 1 | 0 | 0 | 10 | 129 | 129.00 | 1 | 1 |
History - American | 0 | 1 | 0 | 0 | 10 | 91 | 91.00 | 0 | 0 |
History - European | 0 | 1 | 0 | 0 | 10 | 86 | 86.00 | 0 | 0 |
Literature - American | 0 | 1 | 0 | 0 | 10 | 130 | 130.00 | 0 | 0 |
Literature - World and Miscellaneous | 0 | 1 | 0 | 0 | 10 | 126 | 126.00 | 0 | 0 |
Science - Chemistry | 0 | 0 | 0 | 0 | 0 | | 0.00 | 0 | 0 |
Science - Engineering and Miscellaneous | 0 | 0 | 0 | 0 | 0 | | 0.00 | 0 | 0 |
RMP - Hinduism | 0 | 0 | 0 | 0 | 0 | | 0.00 | 0 | 0 |
Science - Physics | 0 | 0 | 0 | 0 | 0 | | 0.00 | 0 | 0 |